[Event "La Roda op 50th"]
[Site "La Roda"]
[Date "2024.03.28"]
[Round "3"]
[White "Horcajuelo Rocamora, Martin"]
[Black "Martinez Reyes, Pedro Ramon"]
[Result "0-1"]
[WhiteElo "2183"]
[BlackElo "2332"]
[PlyCount "98"]
[EventDate "2024.03.27"]
[EventType "swiss"]
[EventRounds "9"]
[EventCountry "ESP"]
[SourceTitle "CB14_2024"]
[SourceDate "2024.04.01"]
[SourceVersion "1"]
[SourceVersionDate "2024.04.01"]
[SourceQuality "1"]

1. d4 d5 2. c4 c6 3. Nc3 Nf6 4. Nf3 e6 5. Bg5 Nbd7 6. e3 Qa5 7. Nd2 Bb4 8. Qc2 h6 9. Bh4 c5 10. dxc5 0-0 11. a3 Bxc3 12. Qxc3 Qxc3 13. bxc3 Nxc5 14. cxd5 Nxd5 15. e4 g5 16. Bg3 Nf4 17. Bxf4 gxf4 18. f3 Rd8 19. Bc4 Bd7 20. Rb1 Rac8 21. Ke2 Na4 22. Rxb7 Nxc3+ 23. Ke1 Ba4 24. Rg1 Bb5 25. Bb3 a6 26. a4 Nxa4 27. Bxa4 Bxa4 28. Rb2 Bb5 29. g3 fxg3 30. hxg3 Rd3 31. Kf2 Rcc3 32. g4 Kg7 33. Rg3 e5 34. Rh3 Rc1 35. Kg2 Rd1 36. Nf1 Rxf1 37. Rxb5 Rfxf3 38. Rxf3 Rd2+ 39. Kg3 axb5 40. Rb3 Rd4 41. Rxb5 Rxe4 42. Rb6 f6 43. Rb7+ Kg6 44. Rb8 h5 45. gxh5+ Kxh5 46. Rg8 Ra4 47. Kf3 f5 48. Ke3 Ra3+ 49. Kf2 e4 0-1

[Event "Alcorcon Diagonal op 2nd"]
[Site "Alcorcon"]
[Date "2023.12.27"]
[Round "4"]
[White "Horcajuelo Rocamora, Martin"]
[Black "Romero Calduch, Sergio"]
[Result "1/2-1/2"]
[WhiteElo "2296"]
[BlackElo "2208"]
[PlyCount "36"]
[EventDate "2023.12.26"]
[EventType "swiss"]
[EventRounds "9"]
[EventCountry "ESP"]
[SourceTitle "CB01_2024"]
[SourceDate "2024.01.03"]
[SourceVersion "1"]
[SourceVersionDate "2024.01.03"]
[SourceQuality "1"]

1. d4 Nf6 2. c4 e6 3. Nf3 d5 4. Nc3 Bb4 5. cxd5 exd5 6. Bg5 Nbd7 7. Qc2 c5 8. dxc5 h6 9. Bd2 Bxc5 10. e3 a6 11. Bd3 0-0 12. 0-0 Bd6 13. Ne2 Nc5 14. Bb4 Qb6 15. Bc3 Qd8 16. Bb4 Qb6 17. Bc3 Qd8 18. Bb4 Qb6 1/2-1/2

[Event "Titled Tuesday intern op 12th Dec Early"]
[Site "Chess.com INT"]
[Date "2023.12.12"]
[Round "4"]
[White "Horcajuelo Rocamora, Martin"]
[Black "Thake, Conrad"]
[Result "1-0"]
[WhiteElo "2296"]
[BlackElo "1773"]
[PlyCount "57"]
[EventDate "2023.12.12"]
[EventType "swiss (blitz)"]
[EventRounds "11"]
[EventCountry "USA"]
[SourceTitle "CB51_2023"]
[SourceDate "2023.12.20"]
[SourceVersion "1"]
[SourceVersionDate "2023.12.20"]
[SourceQuality "1"]

1. e4 c5 2. Nf3 Nc6 3. d4 cxd4 4. Nxd4 Nf6 5. Nc3 e5 6. Ndb5 d6 7. Bg5 a6 8. Na3 b5 9. Nd5 Be7 10. Bxf6 Bxf6 11. c3 0-0 12. Nc2 Bg5 13. a4 Rb8 14. axb5 axb5 15. h4 Bh6 16. g4 Bf4 17. Qf3 g5 18. hxg5 Qxg5 19. Qh3 h6 20. Be2 Kg7 21. Rd1 Rh8 22. Nxf4 exf4 23. Rxd6 Ne5 24. f3 Be6 25. Qh4 Qg6 26. Nd4 Ra8 27. Kf2 Ra2 28. Nf5+ Kg8 29. Ne7+ 1-0

[Event "ESP-ch Rapid"]
[Site "Linares"]
[Date "2023.08.19"]
[Round "5"]
[White "Lorenzo de la Riva, Lazaro"]
[Black "Horcajuelo Rocamora, Martin"]
[Result "1-0"]
[WhiteElo "2404"]
[BlackElo "2243"]
[PlyCount "143"]
[EventDate "2023.08.19"]
[EventType "swiss (rapid)"]
[EventRounds "10"]
[EventCountry "ESP"]
[SourceTitle "CBM 215 Extra"]
[Source "ChessBase"]
[SourceDate "2023.09.30"]
[SourceVersion "1"]
[SourceVersionDate "2023.09.30"]
[SourceQuality "1"]

1. Nf3 d5 2. g3 c5 3. Bg2 Nf6 4. 0-0 Nc6 5. d3 e5 6. e4 d4 7. a4 Be7 8. Na3 Be6 9. Ng5 Bg4 10. f3 Bh5 11. g4 Bg6 12. f4 exf4 13. Bxf4 h6 14. Nh3 Nd7 15. Nc4 0-0 16. a5 f6 17. Bd2 Nde5 18. b3 Rc8 19. Nf4 Bf7 20. Nd5 Be6 21. h3 Qd7 22. Bf4 Bd6 23. Qd2 Bb8 24. Bxh6 Ng6 25. Nf4 Bxf4 26. Bxf4 Nxf4 27. Qxf4 Bxc4 28. bxc4 Qc7 29. e5 Qxe5 30. Bd5+ Kh8 31. Qxe5 fxe5 32. Rxf8+ Rxf8 33. a6 Nb4 34. axb7 a6 35. Ra5 Nxd5 36. cxd5 Rb8 37. Rxc5 Rxb7 38. Kg2 Rf7 39. h4 Kg8 40. Rc8+ Kh7 41. Rc6 Rd7 42. d6 Kg6 43. Kf3 Kf6 44. Rxa6 Ke6 45. h5 Rf7+ 46. Kg3 Rb7 47. Kh4 Rb2 48. Rc6 Kd7 49. Rc7+ Kxd6 50. Rc8 Kd7 51. Rc4 Rb6 52. Kg5 Rf6 53. Rc5 Kd6 54. Ra5 Rf2 55. Kg6 Rxc2 56. Kxg7 Rg2 57. h6 Rxg4+ 58. Kf6 Rf4+ 59. Kg5 Rf1 60. h7 Rg1+ 61. Kf6 Rf1+ 62. Kg7 Rg1+ 63. Kf8 Rh1 64. Ra6+ Kd5 65. Kg7 e4 66. dxe4+ Kxe4 67. Rh6 Rg1+ 68. Kf7 d3 69. h8Q d2 70. Rh4+ Kf3 71. Qh5+ Kf2 72. Rh2+ 1-0

[Event "Titled Tuesday intern op 18th Jul Late"]
[Site "Chess.com INT"]
[Date "2023.07.18"]
[Round "7"]
[White "Cina`, Vittorio"]
[Black "Horcajuelo Rocamora, Martin"]
[Result "1-0"]
[WhiteElo "2133"]
[BlackElo "2260"]
[PlyCount "29"]
[EventDate "2023.07.18"]
[EventType "swiss (blitz)"]
[EventRounds "11"]
[EventCountry "USA"]
[SourceTitle "EXT 2024"]
[Source "ChessBase"]
[SourceDate "2023.10.10"]
[SourceVersion "1"]
[SourceVersionDate "2023.10.10"]
[SourceQuality "1"]

1. e4 e5 2. Nc3 Bb4 3. a3 Bxc3 4. dxc3 Nc6 5. Be3 d6 6. Bd3 Be6 7. Ne2 Nge7 8. f3 d5 9. Qd2 Qd7 10. b4 dxe4 11. fxe4 0-0-0 12. 0-0 f6 13. a4 Rhf8 14. a5 Kb8 15. b5 1-0

[Event "Titled Tuesday intern op 18th Jul Late"]
[Site "Chess.com INT"]
[Date "2023.07.18"]
[Round "5"]
[White "Horcajuelo Rocamora, Martin"]
[Black "Piesik, Piotr"]
[Result "0-1"]
[WhiteElo "2260"]
[BlackElo "2426"]
[PlyCount "26"]
[EventDate "2023.07.18"]
[EventType "swiss (blitz)"]
[EventRounds "11"]
[EventCountry "USA"]
[SourceTitle "EXT 2024"]
[Source "ChessBase"]
[SourceDate "2023.10.10"]
[SourceVersion "1"]
[SourceVersionDate "2023.10.10"]
[SourceQuality "1"]

1. e3 g6 2. d4 Bg7 3. b3 d6 4. Bb2 Nd7 5. Nf3 e5 6. Nbd2 Qe7 7. dxe5 Nxe5 8. e4 Nxf3+ 9. Qxf3 Bxb2 10. Rb1 Bg7 11. Bd3 Nf6 12. h3 0-0 13. 0-0 Bd7 0-1

[Event "Titled Tuesday intern op 18th Jul Late"]
[Site "Chess.com INT"]
[Date "2023.07.18"]
[Round "10"]
[White "Horcajuelo Rocamora, Martin"]
[Black "Vlassov, Nikolai"]
[Result "1/2-1/2"]
[WhiteElo "2260"]
[BlackElo "2283"]
[PlyCount "123"]
[EventDate "2023.07.18"]
[EventType "swiss (blitz)"]
[EventRounds "11"]
[EventCountry "USA"]
[SourceTitle "EXT 2024"]
[Source "ChessBase"]
[SourceDate "2023.10.10"]
[SourceVersion "1"]
[SourceVersionDate "2023.10.10"]
[SourceQuality "1"]

1. Nf3 c5 2. b3 Nc6 3. Bb2 d5 4. e3 a6 5. d4 Bg4 6. h3 Bh5 7. Nbd2 e6 8. Bd3 Nf6 9. 0-0 b5 10. dxc5 Bxc5 11. Qe2 0-0 12. e4 Nb4 13. a3 Nxd3 14. cxd3 Rc8 15. b4 Be7 16. Rac1 Qb6 17. g4 Bg6 18. Bd4 Qb7 19. Ne5 dxe4 20. Nxg6 hxg6 21. dxe4 Qa8 22. f3 Rfd8 23. Qe3 a5 24. Bb6 Rxc1 25. Rxc1 Rc8 26. Rxc8+ Qxc8 27. Bxa5 Nd7 28. Kg2 Qc2 29. Kf2 Bf6 30. Ke2 Ne5 31. Qb3 Qc1 32. Qb1 Qc6 33. f4 Nc4 34. Qd3 Nxd2 35. Kxd2 g5 36. e5 Be7 37. f5 Qg2+ 38. Kc3 exf5 39. gxf5 g4 40. hxg4 Qxg4 41. Bd8 Bf8 42. f6 Qf4 43. Be7 Bxe7 44. fxe7 Qxe5+ 45. Qd4 Qxe7 46. Qd5 Qf6+ 47. Kd3 g5 48. Qxb5 g4 49. a4 Kg7 50. Qd5 Qf1+ 51. Ke3 Qe1+ 52. Kf4 Qxb4+ 53. Kg5 Qxa4 54. Qe5+ Kf8 55. Qb8+ Ke7 56. Qe5+ Kd7 57. Qf5+ Kd6 58. Qxf7 Qe4 59. Qf6+ Kd5 60. Qf4 Kd4 61. Qxg4 Qxg4+ 62. Kxg4 1/2-1/2

[Event "Gijon op 1st"]
[Site "Gijon"]
[Date "2023.06.27"]
[Round "3"]
[White "Strikovic, Aleksa"]
[Black "Horcajuelo Rocamora, Martin"]
[Result "1-0"]
[WhiteElo "2456"]
[BlackElo "2265"]
[PlyCount "73"]
[EventDate "2023.06.26"]
[EventType "swiss"]
[EventRounds "9"]
[EventCountry "ESP"]
[SourceTitle "EXT 2024"]
[Source "ChessBase"]
[SourceDate "2023.10.10"]
[SourceVersion "1"]
[SourceVersionDate "2023.10.10"]
[SourceQuality "1"]

1. c4 e6 2. Nf3 d5 3. e3 Nf6 4. Nc3 Bd6 5. b3 0-0 6. Bb2 Re8 7. d4 b6 8. Bd3 Nbd7 9. 0-0 dxc4 10. Bxc4 Bb7 11. Qe2 a6 12. a4 Qe7 13. e4 e5 14. d5 Nf8 15. Nh4 Bc8 16. Nf5 Bxf5 17. exf5 e4 18. Nd1 N8d7 19. Ne3 a5 20. Bb5 Red8 21. Bc6 Rab8 22. Nc4 Nc5 23. Rab1 Kh8 24. f3 Nh5 25. Nxd6 Nf4 26. Qe3 Qxd6 27. fxe4 Nfd3 28. e5 Qf8 29. Bd4 Nb4 30. e6 Nxc6 31. dxc6 Qe7 32. Rbd1 f6 33. Bxc5 bxc5 34. Rd7 Rxd7 35. cxd7 Kg8 36. Rc1 Kf8 37. Qxc5 1-0

[Event "Madrid-chT Honor 2223"]
[Site "Madrid"]
[Date "2023.03.11"]
[Round "13.5"]
[White "Renteria Becerra, Jorge Elicer"]
[Black "Horcajuelo Rocamora, Martin"]
[Result "1/2-1/2"]
[WhiteElo "2209"]
[BlackElo "2075"]
[PlyCount "160"]
[EventDate "2022.11.20"]
[EventType "team-tourn"]
[EventRounds "14"]
[EventCountry "ESP"]
[SourceTitle "EXT 2024"]
[Source "ChessBase"]
[SourceDate "2023.10.10"]
[SourceVersion "1"]
[SourceVersionDate "2023.10.10"]
[SourceQuality "1"]
[WhiteTeam "Blanco y Negro"]
[BlackTeam "Alcorcon Diagonal"]
[WhiteTeamCountry "ESP"]
[BlackTeamCountry "ESP"]

1. e4 c5 2. Nf3 d6 3. Bb5+ Nd7 4. 0-0 a6 5. Bd3 Ngf6 6. c3 b5 7. Bc2 Bb7 8. Re1 e5 9. d3 Be7 10. Nbd2 0-0 11. Nf1 Re8 12. d4 h6 13. d5 c4 14. Ng3 Bf8 15. Nf5 Nc5 16. b4 cxb3 17. axb3 Rc8 18. h3 Ncd7 19. Ba3 Qc7 20. Bb4 g6 21. Ba5 Qb8 22. Ne3 Nc5 23. Qb1 Be7 24. c4 bxc4 25. Nxc4 Bd8 26. Bc3 Kg7 27. Nfd2 Ncd7 28. Qb2 Kh7 29. Rf1 Nh5 30. g3 Nb6 31. Bd1 Ng7 32. f4 f6 33. fxe5 dxe5 34. Bg4 Nxc4 35. Nxc4 Rc7 36. d6 Rc5 37. Bd7 Rf8 38. Bb4 Rb5 39. Bxb5 axb5 40. Nd2 Ne6 41. Kh2 Bb6 42. Qc2 Nd4 43. Qd3 Qd8 44. Rac1 Qd7 45. Nf3 Bc8 46. g4 Ne6 47. Bd2 h5 48. Nxe5 fxe5 49. Rxf8 Nxf8 50. Qf3 hxg4 51. hxg4 Kg8 52. Rf1 Qg7 53. Qh3 Ne6 54. Rc1 Bd7 55. Ra1 Nf4 56. Bxf4 exf4 57. Ra8+ Kf7 58. e5 Ke6 59. g5+ Kxe5 60. Qh6 Qf7 61. Rf8 Qxb3 62. Qg7+ Kxd6 63. Qf6+ Kc7 64. Qd8+ Kc6 65. Rf6+ Be6 66. Qc8+ Kd6 67. Qf8+ Kc7 68. Qe7+ Bd7 69. Qd6+ Kc8 70. Qxb6 Qh3+ 71. Kg1 Qg3+ 72. Kh1 Qh3+ 73. Kg1 Qg3+ 74. Kh1 Qh4+ 75. Kg1 Qxg5+ 76. Kh2 Qh4+ 77. Kg1 Qg3+ 78. Kh1 Qh3+ 79. Kg1 Qg3+ 80. Kh1 Qh3+ 1/2-1/2

[Event "Madrid-chT Honor 2223"]
[Site "Madrid"]
[Date "2023.03.05"]
[Round "12.4"]
[White "Sanchez Alvares, Kelvin Antonio"]
[Black "Horcajuelo Rocamora, Martin"]
[Result "0-1"]
[WhiteElo "2250"]
[BlackElo "2075"]
[PlyCount "124"]
[EventDate "2022.11.20"]
[EventType "team-tourn"]
[EventRounds "14"]
[EventCountry "ESP"]
[SourceTitle "EXT 2024"]
[Source "ChessBase"]
[SourceDate "2023.10.10"]
[SourceVersion "1"]
[SourceVersionDate "2023.10.10"]
[SourceQuality "1"]
[WhiteTeam "Villalba 64"]
[BlackTeam "Alcorcon Diagonal"]
[WhiteTeamCountry "ESP"]
[BlackTeamCountry "ESP"]

1. d4 Nf6 2. c4 e6 3. Nf3 d5 4. Nc3 c5 5. cxd5 Nxd5 6. e4 Nxc3 7. bxc3 cxd4 8. cxd4 Bb4+ 9. Bd2 Bxd2+ 10. Qxd2 0-0 11. Bc4 Nd7 12. 0-0 b6 13. Rfe1 Bb7 14. a4 Rc8 15. Bd3 Nf6 16. a5 Qc7 17. axb6 axb6 18. Rab1 Rfd8 19. Rb3 h6 20. h3 e5 21. d5 Nd7 22. Nh4 Nc5 23. Rc3 Ra8 24. Bb1 Bc8 25. Rg3 Kh8 26. Qc3 Qe7 27. Nf3 Re8 28. Bc2 Bd7 29. Rb1 b5 30. Qb4 Rec8 31. Qb2 Re8 32. Ne1 f6 33. Qb4 Rec8 34. Rc3 Qf8 35. Nd3 Na6 36. Qxf8+ Rxf8 37. Nb4 Nxb4 38. Rxb4 Rfc8 39. Rxc8+ Rxc8 40. Bd3 Rc5 41. Kf1 Kg8 42. Ke2 Kf8 43. Kd2 Ke7 44. Rb1 Kd6 45. Ra1 Rc7 46. h4 b4 47. Ra6+ Kc5 48. Ra5+ Kb6 49. Ra6+ Kc5 50. Ra8 Rb7 51. Ra5+ Kd4 52. Bb1 b3 53. d6 Kc4 54. Bd3+ Kb4 55. Ra8 Rb6 56. Ra6 Rxa6 57. Bxa6 b2 58. Kc2 Ka3 59. Bc4 Ba4+ 60. Kb1 Kb4 61. Be6 Kc3 62. Ka2 Bc2 0-1

[Event "Titled Tuesday intern op 17th Jan Early"]
[Site "Chess.com INT"]
[Date "2023.01.17"]
[Round "7"]
[White "Aizpurua, Patrick Emilio"]
[Black "Horcajuelo Rocamora, Martin"]
[Result "1-0"]
[WhiteElo "2321"]
[BlackElo "2143"]
[PlyCount "107"]
[EventDate "2023.01.17"]
[EventType "swiss (blitz)"]
[EventRounds "11"]
[EventCountry "USA"]
[SourceTitle "CBM 212 Extra"]
[Source "ChessBase"]
[SourceDate "2023.03.31"]
[SourceVersion "1"]
[SourceVersionDate "2023.03.31"]
[SourceQuality "1"]

1. Nf3 c5 2. c4 Nf6 3. g3 b6 4. Bg2 Bb7 5. 0-0 d5 6. d3 dxc4 7. dxc4 Qxd1 8. Rxd1 Nbd7 9. Nc3 0-0-0 10. Bf4 h6 11. h4 a6 12. a4 Nh5 13. Be3 e5 14. a5 bxa5 15. Rxa5 e4 16. Nd2 f5 17. Bh3 g6 18. Nb3 Nhf6 19. Na4 Be7 20. Rc1 Kc7 21. Nbxc5 Nxc5 22. Bxc5 Bxc5 23. Nxc5 Rd2 24. b4 Rxe2 25. Ne6+ Kd6 26. Nf4 Rb2 27. Nxg6 Rg8 28. Bxf5 Rxb4 29. Rd1+ Kc7 30. h5 Nxh5 31. Rd7+ Kb8 32. Rxb7+ Rxb7 33. Bxe4 Rb4 34. Rxh5 Rxc4 35. Bf5 Rc5 36. g4 a5 37. Kg2 a4 38. Rh3 Ra5 39. Ra3 h5 40. f3 hxg4 41. fxg4 Rd8 42. Kf3 Rd4 43. Nf4 Rb4 44. Be6 Kc7 45. Nd5+ Rxd5 46. Bxd5 Kd6 47. Bf7 Ke7 48. Ba2 Kf6 49. Re3 Rb2 50. Re2 Rb4 51. Re4 Rb2 52. Rxa4 Kg5 53. Ra5+ Kh4 54. Rh5# 1-0

[Event "Titled Tuesday intern op 17th Jan Early"]
[Site "Chess.com INT"]
[Date "2023.01.17"]
[Round "4"]
[White "Liyanage, Ranindu Dilshan"]
[Black "Horcajuelo Rocamora, Martin"]
[Result "0-1"]
[WhiteElo "2358"]
[BlackElo "2143"]
[PlyCount "56"]
[EventDate "2023.01.17"]
[EventType "swiss (blitz)"]
[EventRounds "11"]
[EventCountry "USA"]
[SourceTitle "CBM 212 Extra"]
[Source "ChessBase"]
[SourceDate "2023.03.31"]
[SourceVersion "1"]
[SourceVersionDate "2023.03.31"]
[SourceQuality "1"]

1. e4 c5 2. Nc3 e6 3. g3 Nc6 4. Bg2 g6 5. d3 Bg7 6. Be3 b6 7. Nge2 Nge7 8. d4 cxd4 9. Nxd4 0-0 10. 0-0 a6 11. a4 Bb7 12. Qd2 Rc8 13. Rfd1 Qc7 14. Nxc6 Bxc6 15. Bf4 Qb7 16. Re1 d5 17. e5 Rfd8 18. Bg5 d4 19. Bxc6 Nxc6 20. Ne4 Nxe5 21. Qe2 d3 22. cxd3 Rxd3 23. Rac1 Nf3+ 24. Qxf3 Rxf3 25. Nd6 Rxc1 26. Rxc1 Qd7 27. Rc8+ Bf8 28. Rd8 Qxd8 0-1

[Event "Titled Tuesday intern op 17th Jan Early"]
[Site "Chess.com INT"]
[Date "2023.01.17"]
[Round "10"]
[White "Orujov, Farid"]
[Black "Horcajuelo Rocamora, Martin"]
[Result "1-0"]
[WhiteElo "2226"]
[BlackElo "2143"]
[PlyCount "73"]
[EventDate "2023.01.17"]
[EventType "swiss (blitz)"]
[EventRounds "11"]
[EventCountry "USA"]
[SourceTitle "CBM 212 Extra"]
[Source "ChessBase"]
[SourceDate "2023.03.31"]
[SourceVersion "1"]
[SourceVersionDate "2023.03.31"]
[SourceQuality "1"]

1. e4 c5 2. Nf3 e6 3. d4 cxd4 4. Nxd4 Nf6 5. Nc3 Nc6 6. Ndb5 Bb4 7. a3 Bxc3+ 8. Nxc3 d5 9. exd5 exd5 10. Bd3 0-0 11. 0-0 h6 12. Bf4 a6 13. h3 Be6 14. Ne2 Rc8 15. c3 d4 16. Nxd4 Nxd4 17. cxd4 Qb6 18. Be5 Nd5 19. Qe2 Rfe8 20. Rac1 Rxc1 21. Rxc1 f6 22. Bg3 Qxd4 23. Rd1 Qb6 24. Bc4 Bf7 25. Qf3 Ne7 26. Bxf7+ Kxf7 27. Rd7 Qc6 28. Qxc6 bxc6 29. Ra7 Rd8 30. Rxa6 Rd1+ 31. Kh2 Rd2 32. b4 Ke6 33. b5 Kd5 34. b6 Nf5 35. b7 Nxg3 36. b8Q Nf1+ 37. Kg1 1-0

[Event "Titled Tuesday intern op 10th Jan Early"]
[Site "Chess.com INT"]
[Date "2023.01.10"]
[Round "2"]
[White "Horcajuelo Rocamora, Martin"]
[Black "Babazada, Khazar Araz"]
[Result "0-1"]
[WhiteElo "2143"]
[BlackElo "2479"]
[PlyCount "82"]
[EventDate "2023.01.10"]
[EventType "swiss (blitz)"]
[EventRounds "11"]
[EventCountry "USA"]
[SourceTitle "EXT 2024"]
[Source "ChessBase"]
[SourceDate "2023.10.10"]
[SourceVersion "1"]
[SourceVersionDate "2023.10.10"]
[SourceQuality "1"]

1. e4 c5 2. Nf3 e6 3. d4 cxd4 4. Nxd4 a6 5. g3 Qc7 6. Bg2 Nf6 7. 0-0 Be7 8. b3 d6 9. c4 Nbd7 10. Bb2 0-0 11. Nc3 Rb8 12. Rc1 b6 13. f4 Bb7 14. Qe2 Rbc8 15. h3 Qb8 16. Kh2 Qa8 17. g4 Nc5 18. Rce1 Bd8 19. g5 Nfd7 20. b4 e5 21. Nf5 Ne6 22. Nxd6 Nxf4 23. Qg4 Rc7 24. Rxf4 exf4 25. Qxf4 Qb8 26. Kh1 Rxc4 27. Qd2 Rxb4 28. Ba3 a5 29. Bxb4 axb4 30. Ncb5 Nc5 31. Nf5 Qe5 32. Qxb4 Nd3 33. Qd2 Nxe1 34. Qxe1 Bc6 35. Nbd6 Bc7 36. Qh4 Bxd6 37. Kg1 Bc5+ 38. Kh1 Qa1+ 39. Kh2 Qg1+ 40. Kg3 Bf2+ 41. Kf3 Bxh4 0-1